Obálka Náhled e-knihy:
Epub
Pro půjčování e-knih musíte být přihlášeni.
Jak si půjčit online?

Newtonův mozek /

Newtonův mozek je romaneto od Jakuba Arbese. Poprvé bylo vydané roku 1877. Bývá označováno jako první česká science fiction. Romaneto je vybudováno na motivu důstojníka, jenž padl v bitvě u Hradce Králové, poté zázračně znovu ožil, přivlastnil si mozek geniálního fyzika Isaaca Newtona a ve svém eska...

Celý popis

Uloženo v:
Hlavní autor: Arbes, Jakub (Autor)
Médium: E-kniha
Jazyk:Czech
Vydáno: Praha : Artis, 2023
Tagy:
Žádné tagy
LEADER 01284nam a22002297i 4500
001 311912
007 ta
008 260601s2023 xr ||||| |||| 00| 0 cze d
020 |a 9990003738943 
044 |a xr 
100 1 |a  Arbes, Jakub  |4 aut 
245 1 0 |a Newtonův mozek /  |c  Arbes, Jakub 
264 1 |a Praha :  |b Artis,  |c 2023 
300 |a 1 online zdroj (65 stran) 
336 |a text  |b txt  |2 rdacontent 
337 |a bez média  |b n  |2 rdamedia 
338 |a online zdroj  |b cr  |2 rdacarrier 
520 2 |a Newtonův mozek je romaneto od Jakuba Arbese. Poprvé bylo vydané roku 1877. Bývá označováno jako první česká science fiction. Romaneto je vybudováno na motivu důstojníka, jenž padl v bitvě u Hradce Králové, poté zázračně znovu ožil, přivlastnil si mozek geniálního fyzika Isaaca Newtona a ve svém eskamotérském vystoupení v Praze nabízel svému publiku cestování časem. 
910 |a RBIT002 
998 |d 373894  |a https://core.palmknihy.cz/api/books/373894/cover?rt56ng  |b https://core.palmknihy.cz/api/books/373894/cover/400?rt56ng  |c https://core.palmknihy.cz/api/books/373894/cover/50?rt56ng  |e 2099-12-01  |g 65  |i 9990003738943  |j https://core.palmknihy.cz/api/books/373894/preview.epub  |l   |q 49  |r 1  |s https://www.palmknihy.cz/kniha/373894  |t ebook  |y 2023  |z 1 
999 |d 311910